000 00622nam a22001577a 4500
999 _c8323
_d8324
008 190814b ||||| |||| 00| 0 eng d
020 _a9781611321425
082 _a305 MEN
100 _aMendenhall, Emily
245 _aSyndemic suffering :
_bsocial distress, depression, and diabetes among Mexican immigrant women.
260 _aWalnut Creek, Calif. :
_bLeft Coast Press,
_c2012.
300 _a145 p. :
_bill. ;
_c24 cm.
500 _aIncludes bibliographical references.
650 _aDiabetes in women. Mexican American women--Health and hygiene. Mexican American women--Social conditions. Syndemics.
942 _2ddc